Statistics for NHL 60 goals (single season)

Click here to take the quiz!

General Stats

  • This quiz has been taken 1,525 times
  • The average score is 26 of 38

Answer Stats

Hint Answer % Correct
1981-8292Wayne Gretzky
99%
2007-0865Alex Ovechkin
94%
1995-9669Mario Lemeiux
88%
1988-8985Mario Lemieux
88%
1990-9186Brett Hull
86%
1992-9376Teemu Selanne
82%
1995-9662Jaromir Jagr
79%
1970-7176Phil Esposito
72%
2011-1260Steven Stamkos
68%
1984-8571Jari Kurri
68%
1978-7969Mike Bossy
67%
1988-8965Steve Yzerman
59%
1977-7860Guy Lafleur
56%
1992-9360Pavel Bure
51%
1992-9363Luc Robitaille
45%
1992-9376Alexander Mogilny
44%
1988-8970Bernie Nicholls
23%
1976-7760Steve Shutt
22%
1982-8366Lanny McDonald
19%
1975-7661Reggie Leach
16%
1981-8260Dennis Maruk
12%

Score Distribution

Percentile by Number Answered

Percent of People with Each Score

Your Score History

You have not taken this quiz